The evangelism of Jesus. (Record no. 11006)

000 -LEADER
fixed length control field 00545nam a2200181 a 4500
001 - CONTROL NUMBER
control field :::00008799$&:&@@
003 - CONTROL NUMBER IDENTIFIER
control field OkBaRHE
005 - DATE AND TIME OF LATEST TRANSACTION
control field 20000607103346.0
008 - FIXED-LENGTH DATA ELEMENTS--GENERAL INFORMATION
fixed length control field s1960 j 000 0 eng u
040 ## - CATALOGING SOURCE
Transcribing agency
100 1# - MAIN ENTRY--PERSONAL NAME
Personal name Stokes, Mack B.
245 14 - TITLE STATEMENT
Title The evangelism of Jesus.
260 ## - PUBLICATION, DISTRIBUTION, ETC. (IMPRINT)
Place of publication, distribution, etc Nashville, TN., :
Name of publisher, distributor, etc Methodist Evangelistic Materials
Date of publication, distribution, etc 1960
300 ## - PHYSICAL DESCRIPTION
Extent 96 p.
650 ## - SUBJECT ADDED ENTRY--TOPICAL TERM
Topical term or geographic name as entry element Evangelism
General subdivision Ministry of Jesus
942 ## - ADDED ENTRY ELEMENTS (KOHA)
Source of classification or shelving scheme
Koha item type Books
Copies
Withdrawn status Not for loan Copy number Damaged status Source of classification or shelving scheme Koha item type Shelving location Price effective from Full call number Permanent Location Barcode Date last seen Lost status Date acquired
  1  BooksGeneral Stacks2010-04-14BV 3795 .S8RHEMA Bible Training College87992010-04-14 2010-04-14